• 首页
  • 本馆介绍
  • 公告通知
  • 最新文献
  • 馆藏检索
  • 电子资源
  • 读者导购
  • 参考咨询
  • 我的图书馆
  • 登录
  • 详细信息显示
  • 放入我的书架
  • 预约/预借图书
  • 作者相关作品
  • 分类相关作品
  • 丛书相关作品
  • 出版社相关作品

书目信息

  • 表格格式
  • 工作单格式
  • 卡片格式
题名:
毛泽东与彭德怀
    
 
作者: 张树德 著
分册:  
出版信息: 北京   中国青年出版社  2008
页数: 281页
开本: 24cm
丛书名: 毛泽东与政要交往书系
单 册:
中图分类: K825.2=73 , A752
科图分类:
主题词: 毛泽东--生平事迹 , 毛泽东--传记
电子资源:
ISBN: 978-7-5006-8060-4
000 01151oam2 2200325 450
001 1262978078
005 20090929100156.64
010    @a978-7-5006-8060-4@dCNY22.00
100    @a20080418d2008 em y0chiy50 ea
101 0  @achi
102    @aCN@b110000
105    @aa z 000yd
106    @ar
200 1  @a毛泽东与彭德怀@f张树德著@Amao ze dong yu peng de huai
210    @a北京@c中国青年出版社@d2008
215    @a281页@c照片@d24cm
225 2  @a毛泽东与政要交往书系
330    @a本书详细介绍了毛泽东与彭德怀在革命生涯中的情感世界。毛泽东和彭德怀,这两位同是湘楚文化蕴育出来的历史巨人,在中华民族当代历史中共同谱写过光辉的篇章。在中国革命史上,特别是在中国共产党的历史上,湖南曾出现了一大批的政治家、军事家。
461  0 @1001003743191
600  0 @a毛泽东@f(1893-1976)
600  0 @a毛泽东@f(1893-1976)@x生平事迹
600  0 @a彭德怀@f(1898-1974)@x生平事迹
600  0 @a彭德怀@f(1898-1974)
606 0  @a毛泽东@x生平事迹
606 0  @a毛泽东@x传记
690    @aK825.2=73@v4
690    @aA752@v4
701  0 @a张树德@f(1962.6~)@4著@Azhang shu de
801  0 @aCN@b110120@c20080229
905    @a10447@dA752@eJY65
    
    毛泽东与彭德怀/张树德著.-北京:中国青年出版社,2008
    281页:照片;24cm .-(毛泽东与政要交往书系 )
    
    
    ISBN 978-7-5006-8060-4:CNY22.00
    本书详细介绍了毛泽东与彭德怀在革命生涯中的情感世界。毛泽东和彭德怀,这两位同是湘楚文化蕴育出来的历史巨人,在中华民族当代历史中共同谱写过光辉的篇章。在中国革命史上,特别是在中国共产党的历史上,湖南曾出现了一大批的政治家、军事家。
●
相关链接 在E读中查询图书 在五车中查询图书 在当当中查询图书 在豆瓣中查询图书


正题名:毛泽东与彭德怀     索取号:A752/JY65         预约/预借

序号 登录号 条形码 馆藏地/架位号 状态 备注
1 7809411   278094116   学院路分馆/ [索取号:A752/JY65] 在馆    
2 7809412   278094125   学院路分馆/ [索取号:A752/JY65] 在馆    
3 7809413   278094134   学院路分馆/ [索取号:A752/JY65] 在馆    
唐山师范学院图书馆 欢迎您!
大连网信软件有限公司© 版权所有